Proceso presupuestal municipal / (Registro nro. 3860)
[ vista simple ]
| 000 -LEADER | |
|---|---|
| fixed length control field | 01193nam a2200241Ia 4500 |
| 003 - CONTROL NUMBER IDENTIFIER | |
| control field | OSt |
| 005 - DATE AND TIME OF LATEST TRANSACTION | |
| control field | 20200902212438.0 |
| 008 - FIXED-LENGTH DATA ELEMENTS--GENERAL INFORMATION | |
| fixed length control field | 191128s2002 ck fr 000 0 spa d |
| 040 ## - CATALOGING SOURCE | |
| Original cataloging agency | CO-JMCR |
| Transcribing agency | CO-JMCR |
| 041 0# - LANGUAGE CODE | |
| Language code of text/sound track or separate title | spa |
| 082 04 - DEWEY DECIMAL CLASSIFICATION NUMBER | |
| Classification number | 352.49861 / |
| Item number | M539p |
| Edition number | 23 |
| 100 1# - MAIN ENTRY--PERSONAL NAME | |
| Personal name | Mendoza Saavedra, Martha Rocío, |
| Relator term | Compiladora |
| 9 (RLIN) | 5868 |
| 245 10 - TITLE STATEMENT | |
| Title | Proceso presupuestal municipal / |
| Statement of responsibility, etc. | Martha Rocío Mendoza Saavedra |
| 250 ## - EDITION STATEMENT | |
| Edition statement | Primera edición |
| 260 ## - PUBLICATION, DISTRIBUTION, ETC. | |
| Place of publication, distribution, etc. | Bogotá : |
| Name of publisher, distributor, etc. | Giro, |
| Date of publication, distribution, etc. | 2002 |
| 300 ## - PHYSICAL DESCRIPTION | |
| Extent | 315 páginas ; |
| Dimensions | 24 cm. |
| 490 0# - SERIES STATEMENT | |
| Series statement | Biblioteca de las finanzas municipales ; |
| Volume/sequential designation | 3 |
| 505 0# - FORMATTED CONTENTS NOTE | |
| Formatted contents note | Vínculos entre el presupuesto y la planeación del desarrollo municipal -- La estructura del presupuesto municipal y del anexo con el detalle de ingresos y gastos -- Estudio y aprobación del proyecto de presupuesto por el concejo |
| 520 3# - SUMMARY, ETC. | |
| Summary, etc. | El proyecto de gestión financiera municipal-PROFIM- es un convenio suscrito en el año 2001 entre la federación Colombiana de municipios, el Ministerio de Hacienda y Crédito Público y la Cooperación Alema de desarrollo |
| 650 14 - SUBJECT ADDED ENTRY--TOPICAL TERM | |
| Topical term or geographic name entry element | Presupuestos |
| General subdivision | municipales |
| 9 (RLIN) | 9674 |
| 650 14 - SUBJECT ADDED ENTRY--TOPICAL TERM | |
| Topical term or geographic name entry element | Estructuras de presupuestos |
| General subdivision | municipales |
| 9 (RLIN) | 9675 |
| 942 ## - ADDED ENTRY ELEMENTS (KOHA) | |
| Source of classification or shelving scheme | Dewey Decimal Classification |
| Koha item type | Books |
| Withdrawn status | Lost status | Source of classification or shelving scheme | Damaged status | Not for loan | Collection code | Home library | Current library | Date acquired | Source of acquisition | Total Checkouts | Total Renewals | Full call number | Barcode | Date last seen | Date last checked out | Copy number | Koha item type |
|---|---|---|---|---|---|---|---|---|---|---|---|---|---|---|---|---|---|
| Dewey Decimal Classification | Non-fiction | Biblioteca Pública José María del Castillo y Rada | Biblioteca Pública José María del Castillo y Rada | 12/01/2017 | Donación | 3 | 4 | 352.49861 / M539p | 201808384 | 07/03/2025 | 06/25/2025 | Ej.1 | Books |